The beauties of Mrs. Siddons: or, a review of her performance of the characters of Belvidera, Zara, Isabella, ... in letters from a lady of distinction, to her friend in the country.

Bibliographic Details
Main Author: Lady of distinction
Format: eBook
Language:English
Series:Eighteenth century collections online.
Online Access:Full text online

MARC

Tag First Indicator Second Indicator Subfields
LEADER 00000cam a2200000 4500
001 in00001925017
006 m | d |
007 cr |n||||||||n
008 790922s1786 enk|||| s 00||||eng d
005 20260406225030.2
035 |a (CStRLIN)ESTCT53283 
040 |a Uk-ES  |c Uk-ES  |d CStRLIN  |d Thomson Gale  |d UtOrBLW 
100 0 |a Lady of distinction. 
245 1 4 |a The beauties of Mrs. Siddons: or, a review of her performance of the characters of Belvidera, Zara, Isabella, ... in letters from a lady of distinction, to her friend in the country. 
246 3 |a Observations on Mrs. Siddons 
264 3 |a London :  |b printed for John Strahan,  |c 1786. 
300 |a vii, 3 unnumbered pages, 65, 1 unnumbered page ;  |c 8⁰. 
336 |a text  |b txt  |2 rdacontent 
337 |a computer  |b c  |2 rdamedia 
338 |a online resource  |b cr  |2 rdacarrier 
500 |a With a half-title. 
500 |a The second edition of 'Observations on Mrs. Siddons, .. By a lady .. ' Dublin, 1784. 
500 |a Reproduction of original from the British Library. 
510 4 |a English Short Title Catalog,  |c ESTCT53283. 
533 |a Electronic reproduction.  |b Farmington Hills, Mich. :  |c Thomson Gale,  |d 2003.  |n Available via the World Wide Web.  |n Access limited by licensing agreements  |7 s2003 miunns 
500 |a Electronic resource. 
830 0 |a Eighteenth century collections online. 
856 4 0 |u http://proxy.library.tamu.edu/login?url=https://galenet.galegroup.com/servlet/ECCO?c=1&stp=Author&ste=11&af=BN&ae=T053283&tiPG=1&dd=0&dc=flc&docNum=CW111150995&vrsn=1.0&srchtp=a&d4=0.33&n=10&SU=0LRK&locID=txshracd2898  |z Full text online  |t 0 
999 |a MARS 
999 f f |s 25ff3917-7a0d-3168-9f34-f958002234ad  |i 35c10140-eed3-3d7a-817c-7216fcbfa786  |t 0 
952 f f |a Texas A&M University  |b College Station  |c Electronic Resources  |s www_evans  |d Available Online  |t 0  |h No information provided 
998 f f |t 0  |l Available Online